Principles of colloid and surface chemistry / (Record no. 21101)

MARC details
000 -LEADER
fixed length control field 01235cam a2200337 i 4500
001 - CONTROL NUMBER
control field 1179092
003 - CONTROL NUMBER IDENTIFIER
control field EG-ScBUE
005 - DATE AND TIME OF LATEST TRANSACTION
control field 20250716091034.0
008 - FIXED-LENGTH DATA ELEMENTS--GENERAL INFORMATION
fixed length control field 970109s1997 flua f b 001 0 eng d
020 ## - INTERNATIONAL STANDARD BOOK NUMBER
International Standard Book Number 0824793978 (hardcover : alk. paper)
020 ## - INTERNATIONAL STANDARD BOOK NUMBER
International Standard Book Number 9780824793975
020 ## - INTERNATIONAL STANDARD BOOK NUMBER
International Standard Book Number 0824793978
040 ## - CATALOGING SOURCE
Original cataloging agency DLC
Language of cataloging eng
Description conventions rda
Transcribing agency DLC
Modifying agency DLC
-- EG-ScBUE
082 04 - DEWEY DECIMAL CLASSIFICATION NUMBER
Classification number 541.345
Edition number 22
Item number HIE
100 1# - MAIN ENTRY--PERSONAL NAME
Personal name Hiemenz, Paul C.,
Dates associated with a name 1936-
Relator term author.
9 (RLIN) 38699
245 10 - TITLE STATEMENT
Title Principles of colloid and surface chemistry /
Statement of responsibility, etc Paul C. Hiemenz, California State Polytechnic University, Pomona, California, Raj Rajagopalan, University of Florida, Gainesville, Florida.
250 ## - EDITION STATEMENT
Edition statement Third edition,
Remainder of edition statement revised and expanded.
264 #1 - PUBLICATION, DISTRIBUTION, ETC. (IMPRINT)
Place of publication, distribution, etc Boca Raton :
Name of publisher, distributor, etc CRC / Taylor & Francis Group,
Date of publication, distribution, etc 1997.
300 ## - PHYSICAL DESCRIPTION
Extent xix, 650 pages :
Other physical details illustrations ;
Dimensions 26 cm
336 ## - CONTENT TYPE
Source rdacontent
Content type term text
Content type code txt
337 ## - MEDIA TYPE
Media type term unmediated
Source rdamedia
Media type code n
338 ## - CARRIER TYPE
Carrier type term volume
Carrier type code nc
Source rdacarrier
504 ## - BIBLIOGRAPHY, ETC. NOTE
Bibliography, etc Includes bibliographical references and index.<br/>
650 #7 - SUBJECT ADDED ENTRY--TOPICAL TERM
Topical term or geographic name as entry element Colloids.
Source of heading or term BUEsh
9 (RLIN) 7422
650 #7 - SUBJECT ADDED ENTRY--TOPICAL TERM
Topical term or geographic name as entry element Surface chemistry.
Source of heading or term BUEsh
651 ## - SUBJECT ADDED ENTRY--GEOGRAPHIC NAME
Source of heading or term BUEsh
653 ## - INDEX TERM--UNCONTROLLED
Resource For college Engineering, General
Arrived date list December2015
655 ## - INDEX TERM--GENRE/FORM
Form subdivision Reading book
9 (RLIN) 34232
700 1# - ADDED ENTRY--PERSONAL NAME
Personal name Rajagopalan, Raj,
Relator term author.
942 ## - ADDED ENTRY ELEMENTS (KOHA)
Source of classification or shelving scheme Dewey Decimal Classification
Koha item type Book - Borrowing
Holdings
Withdrawn status Lost status Source of classification or shelving scheme Damaged status Not for loan Collection code Home library Current library Shelving location Date acquired Source of acquisition Total Checkouts Full call number Barcode Date last seen Date checked out Koha item type
    Dewey Decimal Classification     Baccah Central Library Central Library First floor 01/12/2015 Purchase 1 541.345 HIE 000031495 15/07/2025 12/12/2023 Book - Borrowing